[Event "Poti Aleksandria Cup 5th"]
[Site "Poti"]
[Date "2010.07.14"]
[Round "4"]
[White "Mangiashvili, Otar"]
[Black "Tsomaia, Merab"]
[Result "0-1"]
[WhiteElo "1806"]
[BlackElo "1897"]
[PlyCount "66"]
[EventDate "2010.07.11"]
[EventType "swiss"]
[EventRounds "9"]
[EventCountry "GEO"]
[SourceTitle "CBM 137 Extra"]
[Source "ChessBase"]
[SourceDate "2010.09.01"]
[SourceVersion "1"]
[SourceVersionDate "2010.09.01"]
[SourceQuality "1"]

1. d4 d5 2. c4 c6 3. Nf3 Nf6 4. Nc3 a6 5. c5 b5 6. a3 Nbd7 7. g3 g6 8. b4 a5 9. Bb2 Bg7 10. Bg2 0-0 11. 0-0 Re8 12. Re1 Qc7 13. e3 Bb7 14. Qd2 a4 15. Ne5 Rad8 16. f4 Nxe5 17. fxe5 Nd7 18. Bh3 Bc8 19. e6 fxe6 20. Bxe6+ Kh8 21. e4 Nxc5 22. Bxd5 Nb3 23. Bxb3 Bxd4+ 24. Kg2 e6 25. Nd5 cxd5 26. Qd1 e5 27. Qd3 dxe4 28. Qxb5 Bg4 29. Rec1 Bf3+ 30. Kf1 Qa7 31. Rc5 Re7 32. Qc6 Kg7 33. b5 Bxc5 0-1